Affaire Clémenceau (Record no. 170135)

MARC details
000 -LEADER
campo de control de longitud fija 00774nam a2200205 i 4500
001 - NÚMERO DE CONTROL
campo de control 170135
003 - IDENTIFICADOR DE NÚMERO DE CONTROL
campo de control ES-MaACL
005 - FECHA Y HORA DE LA ÚLTIMA TRANSACCIÓN
campo de control 20250629063143.0
008 - DATOS DE LONGITUD FIJA--INFORMACIÓN GENERAL
campo de control de longitud fija 090204s1909 fr |||| | fre d
080 ## - NÚMERO DE LA CLASIFICACIÓN DECIMAL UNIVERSAL
Número de la Clasificación Decimal Universal 821.133.1-31"18"
100 1# - ENTRADA PRINCIPAL--NOMBRE DE PERSONA
Nombre de persona Dumas, Alexandre,
Fechas asociadas al nombre 1824-1895
9 (RLIN) 241136
245 10 - MENCIÓN DEL TÍTULO
Título Affaire Clémenceau
Resto del título : mémoire de l'accusé /
Mención de responsabilidad, etc. Alexandre Dumas fils ; illustrations de Alexandre Lippmann.
260 ## - PUBLICACIÓN, DISTRIBUCIÓN, ETC.
Lugar de publicación, distribución, etc. Paris :
Nombre del editor, distribuidor, etc. Calmann-Lévy,
Fecha de publicación, distribución, etc. 1909.
300 ## - DESCRIPCIÓN FÍSICA
Extensión 126 p. :
Otras características físicas il. ;
Dimensiones 25 cm.
490 1# - MENCIÓN DE SERIE
Mención de serie Nouvelle collection illustrée ;
Designación de volumen o secuencia 33
700 1# - ENTRADA AGREGADA--NOMBRE PERSONAL
Nombre de persona Lippmann, Alexandre.
9 (RLIN) 139350
830 0# - PUNTO DE ACCESO ADICIONAL DE SERIE-TÍTULO UNIFORME
Título uniforme Nouvelle collection illustrée ;
Designación de volumen o secuencia 33
9 (RLIN) 233151
852 4# - LOCALIZACIÓN
Ubicación ES-MaACL
Número de control de estantería E-12414
itemnumber R.140630
Nota libre . - Biblioteca Jacinto Martínez Lacalle
Holdings
Estatus retirado Estado de pérdida Estado de daño No para préstamo Biblioteca de origen Biblioteca actual Ubicación en estantería Fecha de adquisición Fuente de adquisición Total de préstamos Signatura topográfica completa Código de barras Visto por última vez Precio de reemplazo Tipo de ítem Koha
        Biblioteca del Ateneo de Madrid Biblioteca del Ateneo de Madrid Depósito 2 04/02/2009     E-12414 1178619 23/02/2023 23/02/2023 Libro impreso